000 00561nam a2200229Ia 4500
003 OSt
005 20220918221350.0
006 a|||||r|||| 00| 0
007 ta
008 220917b |||||||| |||| 00| 0 eng d
024 _a149,556
037 _cTextual
040 _aARTS
_cARTS
_beng
041 _2eng
_aeng
082 _aT15:3, H9
100 _aCulkin Mabel Louise
_9140262
245 0 _aTeaching the youngest
260 _c1949
650 _aEDUCATION
942 _hT15:3, H9
_cTEXL
_2CC
999 _c272222
_d272222